000 006340000a22001810004500
003 MACL
005 20160227133649.0
008 160227b xxu||||| |||| 00| 0 eng d
040 _aMACL
_cMACL
041 _aHindi
082 _a800
100 _aडॉ राम शोभित प्रसाद सिंह
_940924
245 _aहिन्‍दी उपन्‍यास प्रेमचन्‍दोत्‍तर काल
260 _bऋषभचरण जैन एंव सन्‍तति
_c1981
_aनई दिल्‍ली
350 _a125
650 _aLiteracture
_939932
942 _cHIN
_k800
_2ddc
999 _c28039
_d28039